A short textbook of medical statistics /

Bibliographic Details
Main Author: Hill, Austin Bradford, Sir, 1897-
Format: Book
Language:English
Published: London : Hodder and Stoughton, 1977.
Subjects:

MARC

Tag First Indicator Second Indicator Subfields
LEADER 00000cam a2200000 i 4500
001 in00000368921
005 20151011081838.0
008 780104s1977 enka 00110 eng d
020 |a 0340219572 
035 |a (OCoLC)03531094 
035 |9 ABQ0115AM 
040 |a OSU  |c OSU  |d MCL  |d TXA  |d UtOrBLW 
049 |a TXAM  |c [1399754] 
090 |a RA407  |b .H55 1977 
096 |a HA 29 H645p 1977 
100 1 |a Hill, Austin Bradford,  |c Sir,  |d 1897- 
245 1 2 |a A short textbook of medical statistics /  |c Sir Austin Bradford Hill. 
264 1 |a London :  |b Hodder and Stoughton,  |c 1977. 
300 |a ix, 325 pages :  |b illustrations ;  |c 23 cm. 
336 |a text  |b txt  |2 rdacontent 
337 |a unmediated  |b n  |2 rdamedia 
338 |a volume  |b nc  |2 rdacarrier 
500 |a First published as Principles of medical statistics 1937. 
500 |a Includes index. 
650 0 |a Medical statistics. 
650 2 |a Statistics. 
999 |a MARS 
999 f f |s 5f0eea94-7634-35ab-8846-81d9fc287cfa  |i d452f612-ff8c-39db-8ff0-6a12fd5405d6  |t 0 
952 f f |p ric  |a Texas A&M University  |b Rellis Campus  |c Joint Library Facility  |d Remote Storage  |t 0  |e RA407 .H55 1977  |h Library of Congress classification  |i unmediated -- volume  |m A14805063775 
998 f f |a RA407 .H55 1977  |t 0  |l Remote Storage